| 000 | 00971nam a22003257a 4500 | ||
|---|---|---|---|
| 003 | CHAP | ||
| 005 | 20220329143505.0 | ||
| 008 | 100129s1988 us r 00010 spa d | ||
| 010 | _a97440 | ||
| 011 | _a98412 | ||
| 020 | _a0939553147 | ||
| 035 | _a109097 | ||
| 040 | _cCHAP | ||
| 082 | 0 | 4 |
_a517 _bK31 |
| 100 | 0 | 0 |
_aKemeny, John G. _962979 |
| 245 | 1 | 0 |
_aCalculus : _bversión 3.0 _c/por John G. Kemeny |
| 260 |
_aHanover, N.H. : _bTru BASIC, _c1988 |
||
| 300 |
_a60 p. : _bgráfs. |
||
| 490 | 4 | _aThe Kemeny / Kurtz Math Series | |
| 590 |
_aBATCH-UPD _b10 _c20130110 _lUCH01 _h1539 |
||
| 590 |
_aBATCH-UPD _b10 _c20130410 _lUCH01 _h0942 |
||
| 590 |
_aBATCH-UPD _b10 _c20130914 _lUCH01 _h0952 |
||
| 590 |
_aCONVERSION _b10 _c20130109 _lUCH01 _h1354 |
||
| 650 | 1 | 4 |
_aCálculo. _923990 |
| 830 | 4 |
_aThe Kemeny / Kurtz Math Series _9112673 |
|
| 901 | _aBK | ||
| 911 | _aen proceso | ||
| 942 | _cLIBRO | ||
| 949 |
_a517 K31 _bBC _cLIBRO _d33724002136876 _eLIBRO _h111739 _i109097 _sb |
||
| 999 |
_c97440 _d97440 |
||